Real Zaragoza Squad 2024-2025 - Statistics

General Stats
  • This quiz has been taken 30 times
    15 since last reset
  • The average score is 21 of 31
Answer Stats
# Position Nation Player % Correct
13 GK France Gaëtan Poussin
100%
1 GK Argentina Cristian Álvarez
92%
3 DF Portugal Jair Amador
92%
6 MF Albania Keidi Bare
92%
16 MF Honduras Kervin Arriaga
92%
12 DF Slovakia Sebastian Kóša
92%
15 DF Portugal Bernardo Vital
85%
14 MF Spain Francho Serrano
85%
7 FW Spain Mario Soberón
85%
10 MF Spain Raúl Guti
85%
11 FW Serbia Samed Baždar
85%
21 MF Spain Toni Moya
85%
33 FW Spain Adrián Liso
77%
- Coach Spain Víctor Fernández
77%
5 DF Spain Enrique Clemente
69%
- Coach Spain Gabi
69%
9 FW Spain Iván Azón
69%
19 DF Spain Iván Calero
69%
22 FW Spain Alberto Marí
62%
9 FW Spain Dani Gómez
62%
4 DF Spain Dani Tasende
62%
20 FW Spain Adu Ares
54%
23 MF Spain Ager Aketxe
54%
17 DF Spain Carlos Nieto
54%
24 DF Spain Lluís López
54%
25 GK Spain Joan Femenías
46%
2 DF Spain Marcos Luna
46%
- Coach Spain Miguel Ángel Ramírez
46%
10 FW Spain Sergio Bermejo
38%
26 MF Spain Gori Gracia
23%
8 MF Spain Marc Aguado
23%
No matching quizzes found
Score Distribution
Percent of People with Each Score
Percentile by Number Answered
Your Score History
You have not taken this quiz since the last reset